| 000 | 00897nas a2200301 4500 | ||
|---|---|---|---|
| 001 | BR2011004444 | ||
| 003 | BR-BrBNA | ||
| 005 | 20231205115517.0 | ||
| 007 | ta | ||
| 008 | 230509b bl.|||p| |||| 00| 00por d | ||
| 040 |
_aBR-BrBNA _bpor _cBiblioteca Nacional de Agricultura |
||
| 041 | _a(Pt) | ||
| 072 | _aH20 | ||
| 100 | 1 | _aModesto, J.C. | |
| 100 | 1 | _aFenille, R.C. | |
| 100 | 1 | _aHabermann, G. | |
| 100 | 1 | _aFerreira, G. | |
| 245 | 1 | _aEfeito de fungicidas no controle do mildio (Peronospora sparsa Berk.)em roseira (Rosa sp.)em patossistema natural | |
| 650 | _aROSA | ||
| 650 | _aPLANTA ORNAMENTAL | ||
| 650 | _aMÍLDIO | ||
| 650 | _aFUNGICIDA | ||
| 650 | _aDOENÇA DE PLANTA | ||
| 650 | _aPATÓGENO | ||
| 773 | 0 |
_tCultura Agronômica (Brazil) _xISSN 0104-1010 _g(2007), v. 16(1) p. 55-59 _wBR2011004444 |
|
| 909 |
_a202311 _bLúcia _c55 _dLúcia Elande |
||
| 942 |
_2AGRIS _n0 _cANA |
||
| 999 |
_c214171 _d214171 |
||